নজরুল রচনা সম্ভার / (Record no. 44534)
[ view plain ]
| 000 -LEADER | |
|---|---|
| fixed length control field | 00869nam a22002297a 4500 |
| 001 - CONTROL NUMBER | |
| control field | 44534 |
| 003 - CONTROL NUMBER IDENTIFIER | |
| rucl marc code | BD-RjUL |
| 005 - DATE AND TIME OF LATEST TRANSACTION | |
| control field | 20211209053857.0 |
| 008 - FIXED-LENGTH DATA ELEMENTS--GENERAL INFORMATION | |
| fixed length control field | 160718s1977 ii ||||| |||| 00| 0 ben d |
| 035 ## - SYSTEM CONTROL NUMBER | |
| System control number | (BD-RjUL) 44652 |
| 040 ## - CATALOGING SOURCE | |
| Original cataloging agency | BD-RjUL |
| Language of cataloging | ben |
| Transcribing agency | BD-RjUL |
| 041 ## - LANGUAGE CODE | |
| Language code of text/sound track or separate title | ben |
| 082 ## - DEWEY DECIMAL CLASSIFICATION NUMBER | |
| Edition number | 23 |
| Classification number | 891.4415 |
| Author mark and year | ISN 1977 |
| 100 ## - MAIN ENTRY--PERSONAL NAME | |
| Personal name | ইসলাম, কাজী নজরুল |
| 9 (RLIN) | 136659 |
| 245 10 - TITLE STATEMENT | |
| Title | নজরুল রচনা সম্ভার / |
| Statement of responsibility, etc. | কাজী নজরুল ইসলাম |
| 250 ## - EDITION STATEMENT | |
| Edition statement | ৭ম সং. |
| 260 ## - PUBLICATION, DISTRIBUTION, ETC. (IMPRINT) | |
| Place of publication, distribution, etc. | কলিকাতা : |
| Name of publisher, distributor, etc. | হরফ প্রকাশনী, |
| Date of publication, distribution, etc. | ১৯৭৭ |
| 300 ## - PHYSICAL DESCRIPTION | |
| Pagination | [২২], ৩৩৪ পৃ. ; |
| Size | ২০ সেমি. |
| 600 ## - SUBJECT ADDED ENTRY--PERSONAL NAME | |
| Personal name | ইসলাম, কাজী নজরুল, |
| Dates associated with a name | ১৮৯৯-১৯৭৬ |
| Personal name | Islam, Kazi Nazrul, |
| Dates associated with a name | 1899-1976 |
| 942 ## - ADDED ENTRY ELEMENTS (KOHA) | |
| Source of classification or shelving scheme | Dewey Decimal Classification |
| Koha item type | Books |
| Lost status | Source of classification or shelving scheme | Damaged status | Not for loan | Collection code | Permanent Location | Current Location | Shelving location | Date acquired | Source of acquisition | Cost, normal purchase price | Total Checkouts | Full call number | Date last seen | Date checked out | Copy number | Koha item type |
|---|---|---|---|---|---|---|---|---|---|---|---|---|---|---|---|---|
| Dewey Decimal Classification | Non-fiction | Central Library, University of Rajshahi | Central Library, University of Rajshahi | 20/11/1978 | calcutta: Indian International | 15.00 | 3 | B 891.4415 ISN 1977 | 17/04/2024 | 28/03/2024 | C-2 | Books |